000 01600cam a22001934a 4500
005 20250605164016.0
008 250528s ||||||||||||||||||||||||d
035 _a16156
020 _a9607778448
040 _aGR-AtMCL
_bgre
_dGR-AtMCL
_eAACR2
245 1 _aΣτοιχειώδης Εισαγωγή στα Ανώτερα Μαθηματικά / Βασικός Κορμός της Αφηρημένης Άλγεβρας από τη Σκοπιά των Στοιχειωδών Μαθηματικών
260 _bΚάτοπτρο,
_c2001
300 _a160
520 _aΒιβλιο που δεν προαπαιτεί από τον αναγνώστη όλους εκείνους τους τεχνικούς όρους, τις ειδικού περιεχομένου λέξεις και τα τεχνάσματα που στα περισσότερα επιστημονικά βιβλία αποτελούν συχνά αξεπέραστο εμπόδιο για τον αμύητο αναγνώστη. Πρόλογος, Η Μέθοδος της Αφαίρεσης, Οι Αριθμοί, Ο Ευκλείδιος Αλγόριθμος, Ισοτιμίες, Πολυώνυμα, Μιγαδικοί Αριθμοί και Αλγεβρικά Σώματα, Αλγεβρικοί Ακέραιοι και Ιδεώδη και p-αδικοί Αριθμοί, Ομάδες, Θεωρία Galois, Αναλυτική Γεωμετρία, Πίνακες και Ορίζουσες, Άλγεβρες, Άλγεβρες Ομάδων.
700 1 _aLittlewood D.E.
_92202
942 _cBK
999 _c1692
_d1692